000 00875nam a2200253 a 4500
001 000019258
005 20200929165951.0
008 100529s1968 sp 000 0 spa d
040 _aDO-SdBNP
_bspa
_cBNPHU
082 _a853.3
_bA516c
100 1 _aAmicis, Edmundo de,
_d1846-1908
_924451
245 1 0 _aCorazón :
_bdiario de un niño /
_cEdmundo de Amacis ; traducción de Eloy Requena Calvo ; ilustraciones de Teodoro Delgado.
260 _aMadrid :
_bEDAF,
_c1968.
300 _a519, [6] P. :
_bil. ;
_c19 cm.
490 1 _aBiblioteca EDAF
_v26
504 _aIncluye notas al pie de las páginas.
650 4 _aNovela italiana
_94322
650 4 _aLiteratura hitaliana
_941431
700 1 _aRequena Calvo, Eloy,
_etr.
_941432
700 1 _aDelgado, Teodoro,
_eill.
_941433
830 0 _aBiblioteca EDAF ;
_v26
_96779
910 _aCatalogación original
049 _aBNGR
999 _c18776
_d18776